|
|
|
|
| LEADER |
00000ny a22000003n 4500 |
| 005 |
20110512121719.0 |
| 008 |
071220s us 000 eng d |
| 022 |
|
|
|a 1534-9977
|
| 022 |
|
|
|a 0748-4305
|
| 035 |
|
|
|a 3611
|
| 040 |
|
|
|a ICD-L
|c ICD-L
|d vLex
|
| 090 |
|
|
|c 1774
|d 1774
|
| 245 |
3 |
4 |
|a George Washington International Law Review
|h [Recurso electrn̤ico]
|
| 246 |
3 |
|
|i De 1987 a 2000:
|a George Washington journal of international law and economics
|
| 256 |
|
|
|a Servicio en ln̕ea
|
| 260 |
|
|
|a Washington, D.C. :
|b National Law Center, George Washington University
|
| 310 |
|
|
|a Trimestral
|
| 504 |
|
|
|a Incluye referencias bibliogrf̀icas
|
| 506 |
1 |
|
|a Contenido solo disponible en los productos indicados
|d vLex Global
|d vLex Global (Academic Edition, excluding Law Schools)
|d vLex Global (U.S. Academic Edition, excluding Law Schools)
|
| 650 |
0 |
4 |
|a Derecho internacional
|x Publicaciones perid̤icas
|
| 650 |
0 |
4 |
|a Relaciones econm̤icas internacionales
|x Publicaciones perid̤icas
|
| 710 |
2 |
|
|a George Washington University.
|b National Law Center
|
| 740 |
|
|
|a vLex Revista (Servicios en ln̕ea)
|
| 780 |
0 |
0 |
|t Journal of international law and economics
|x 0022-2003
|
| 843 |
|
|
|a Electrn̤ica. Abierta
|
| 853 |
|
|
|8 1
|i (year)
|j (month)
|k (day)
|
| 856 |
4 |
0 |
|z Acceso restringido
|u http://vlex.com/account/login_ip?fuente_id=3611
|
| 942 |
|
|
|c REV
|